Epidemiology of injuries among women after physical assaults: The role of self-protective behaviors

Gespeichert in:  
Bibliographische Detailangaben
VerfasserInnen: Thompson, Martie P. (Verfasst von) ; Mercy, James A. (Verfasst von) ; Saltzman, Linda E. (Verfasst von) ; Simon, Thomas R. (Verfasst von)
Medienart: Elektronisch Aufsatz
Sprache:Englisch
Veröffentlicht: 1999
In: American journal of epidemiology
Jahr: 1999, Band: 150, Heft: 3, Seiten: 235-244
Online-Zugang: Volltext (lizenzpflichtig)
Verfügbarkeit prüfen: HBZ Gateway

MARC

LEADER 00000caa a22000002c 4500
001 1912537826
003 DE-627
005 20250126055001.0
007 cr uuu---uuuuu
008 241217s1999 xx |||||o 00| ||eng c
035 |a (DE-627)1912537826 
035 |a (DE-599)KXP1912537826 
040 |a DE-627  |b ger  |c DE-627  |e rda 
041 |a eng 
084 |a 2,1  |2 ssgn 
100 1 |a Thompson, Martie P.  |e VerfasserIn  |0 (DE-588)119113833X  |0 (DE-627)1669589714  |4 aut 
109 |a Thompson, Martie P.  |a Thompson, Martie 
245 1 0 |a Epidemiology of injuries among women after physical assaults: The role of self-protective behaviors 
264 1 |c 1999 
336 |a Text  |b txt  |2 rdacontent 
337 |a Computermedien  |b c  |2 rdamedia 
338 |a Online-Ressource  |b cr  |2 rdacarrier 
700 1 |a Mercy, James A.  |e VerfasserIn  |4 aut 
700 1 |a Saltzman, Linda E.  |e VerfasserIn  |4 aut 
700 1 |a Simon, Thomas R.  |e VerfasserIn  |4 aut 
773 0 8 |i Enthalten in  |t American journal of epidemiology  |d Oxford : Oxford Univ. Press, 1921  |g 150(1999), 3, Seite 235-244  |h Online-Ressource  |w (DE-627)324741243  |w (DE-600)2030043-8  |w (DE-576)094080887  |x 1476-6256  |7 nnas 
773 1 8 |g volume:150  |g year:1999  |g number:3  |g pages:235-244 
787 0 8 |i Forschungsdaten  |a USA. Bureau of Justice Statistics  |t National Crime Victimization Survey, 1995 (Record-Type Files)  |d [Erscheinungsort nicht ermittelbar] : [Verlag nicht ermittelbar], 2008  |w (DE-627)1840056150 
787 0 8 |i Forschungsdaten  |a USA. Bureau of Justice Statistics  |t National Crime Victimization Survey, 1994 (Record-Type Files)  |d [Erscheinungsort nicht ermittelbar] : [Verlag nicht ermittelbar], 2008  |w (DE-627)1840056142 
787 0 8 |i Forschungsdaten  |a USA. Bureau of Justice Statistics  |t National Crime Victimization Survey, 1993 (Record-Type Files)  |d [Erscheinungsort nicht ermittelbar] : [Verlag nicht ermittelbar], 2008  |w (DE-627)1840056134 
787 0 8 |i Forschungsdaten  |a USA. Bureau of Justice Statistics  |t National Crime Victimization Survey, 1992 (Record-Type Files)  |d [Erscheinungsort nicht ermittelbar] : [Verlag nicht ermittelbar], 2008  |w (DE-627)1840056126 
856 4 0 |u http://aje.oxfordjournals.org/content/150/3/235.full.pdf+html  |q application/pdf  |x Verlag  |z lizenzpflichtig  |3 Volltext  |7 1 
935 |a mkri 
951 |a AR 
ELC |a 1 
LOK |0 000 xxxxxcx a22 zn 4500 
LOK |0 001 4637503329 
LOK |0 003 DE-627 
LOK |0 004 1912537826 
LOK |0 005 20241217044418 
LOK |0 008 241217||||||||||||||||ger||||||| 
LOK |0 035   |a (DE-2619)ICPSR110659 
LOK |0 040   |a DE-2619  |c DE-627  |d DE-2619 
LOK |0 092   |o n 
LOK |0 852   |a DE-2619 
LOK |0 852 1  |9 00 
LOK |0 935   |a nacp 
LOK |0 939   |a 17-12-24  |b l01 
ORI |a SA-MARC-krimdoka001.raw